Aktuálny vývoj požiadaviek pri vykazovaní udržateľnosti podnikateľov na úrovni EÚ

Aktuálne výzvy vo vykazovaní podnikateľov v blízkej dobe. Novoprijatá smernica EÚ v oblasti podnikového vykazovania udržateľnosti CSRD - Corporate Sustainability Reporting Directive, ktorá bola prijatá v decembri 2022 a je účinná od 5. januára 2023 v európskom priestore.

Gespeichert in:
Bibliographische Detailangaben
1. Verfasser: Pakšiová, Renáta, 1974-
Format: Buchkapitel
Sprache:Slowakisch
Schlagworte:
Tags: Tag hinzufügen
Keine Tags, Fügen Sie das erste Tag hinzu!

MARC

LEADER 00000naa a2200000 4500
001 0298973
005 20240502074535.7
041 0 |a slo 
044 |a SK 
245 1 0 |a Aktuálny vývoj požiadaviek pri vykazovaní udržateľnosti podnikateľov na úrovni EÚ  |c Renáta Pakšiová 
520 |a Aktuálne výzvy vo vykazovaní podnikateľov v blízkej dobe. Novoprijatá smernica EÚ v oblasti podnikového vykazovania udržateľnosti CSRD - Corporate Sustainability Reporting Directive, ktorá bola prijatá v decembri 2022 a je účinná od 5. januára 2023 v európskom priestore. 
610 2 0 |a podnikanie 
610 2 0 |a podnikatelia 
610 2 0 |a účtovníctvo 
610 2 0 |a udržateľnosť 
610 2 0 |a smernice 
610 2 0 |a úpravy právne 
610 2 0 |a Európska únia 
100 1 |a Pakšiová, Renáta, 1974-